[Event "Skopje op"]
[Site "Skopje"]
[Date "2023.12.10"]
[Round "6"]
[White "Papaioannou, Dimitrios1"]
[Black "Baglan, Esat"]
[Result "0-1"]
[WhiteElo "1938"]
[BlackElo "2342"]
[PlyCount "132"]
[EventDate "2023.12.06"]
[EventType "swiss"]
[EventRounds "9"]
[EventCountry "MKD"]
[SourceTitle "CB50_2023"]
[SourceDate "2023.12.13"]
[SourceVersion "1"]
[SourceVersionDate "2023.12.13"]
[SourceQuality "1"]

1. e4 c5 2. Nf3 d6 3. Bc4 Nc6 4. Nc3 Nf6 5. d4 cxd4 6. Nxd4 Bd7 7. 0-0 g6 8. Nxc6 bxc6 9. Qe2 Bg7 10. e5 dxe5 11. Qxe5 0-0 12. Qc5 Bf5 13. Qxc6 Rc8 14. Qa4 Qc7 15. Be2 Qb8 16. Bf3 Rfd8 17. Re1 e5 18. Qb3 e4 19. Qxb8 Rxb8 20. Bd1 Rdc8 21. a4 a6 22. h3 h5 23. a5 Kh7 24. Na4 Nd7 25. g4 hxg4 26. hxg4 Be6 27. Rxe4 Nf6 28. Rd4 Nxg4 29. Rxg4 Bxg4 30. Bxg4 Rxc2 31. Bd1 Rc6 32. Bf4 Rb4 33. Bd2 Rh4 34. Be3 Bd4 35. Bg5 Rh3 36. Kg2 Rd3 37. Bf3 Rc2 38. Rf1 f5 39. Bd1 Rc6 40. Be2 Rb3 41. Rd1 Rc2 42. Kf1 Rb4 43. b3 f4 44. Bxf4 Bxf2 45. Bd6 Rd4 46. Rxd4 Bxd4 47. Bxa6 Rc6 48. Bc5 Bxc5 49. Nxc5 Rxc5 50. b4 Rc1+ 51. Kf2 Rb1 52. b5 Ra1 53. b6 Rxa5 54. Bc8 Rb5 55. b7 Rb3 56. Kg2 Kg7 57. Kf2 Kf6 58. Kg2 Ke5 59. Kf2 g5 60. Kg2 Kf4 61. Kf2 Rb2+ 62. Ke1 g4 63. Kf1 g3 64. Kg1 Kf3 65. Bh3 Rb1+ 66. Bf1 g2 0-1

[Event "Ayvalik Chestnut"]
[Site "Ayvalik"]
[Date "2023.09.23"]
[Round "8.5"]
[White "Baglan, Esat"]
[Black "Yurtseven, Melih"]
[Result "1/2-1/2"]
[WhiteElo "2329"]
[BlackElo "2310"]
[PlyCount "80"]
[EventDate "2023.09.18"]
[EventType "schev"]
[EventRounds "9"]
[EventCountry "TUR"]
[SourceTitle "EXT 2024"]
[Source "ChessBase"]
[SourceDate "2023.10.10"]
[SourceVersion "1"]
[SourceVersionDate "2023.10.10"]
[SourceQuality "1"]
[WhiteTeam "Team A"]
[BlackTeam "Team C"]
[WhiteTeamCountry "TUR"]
[BlackTeamCountry "TUR"]

1. e4 e5 2. Nf3 Nc6 3. Nc3 Nf6 4. d4 exd4 5. Nxd4 Bb4 6. Nxc6 bxc6 7. Bd3 d5 8. exd5 Qe7+ 9. Qe2 Qxe2+ 10. Kxe2 cxd5 11. Bg5 c6 12. Rhe1 0-0 13. Kf1 Be6 14. a3 Bd6 15. h3 Nd7 16. Ne2 c5 17. Rad1 h6 18. Bf4 Be7 19. Nc3 Bf6 20. Bd6 c4 21. Be2 Bxc3 22. bxc3 Rfd8 23. Bf3 Nb6 24. Bc5 Na4 25. Bd4 Bf5 26. Rd2 Rd7 27. g4 Bg6 28. Rde2 Kf8 29. Rb1 Re8 30. Rxe8+ Kxe8 31. Rb5 Nb6 32. Bxb6 axb6 33. Bxd5 Rd6 34. Bxc4 Bxc2 35. Re5+ Kf8 36. Re2 Ba4 37. Rb2 Rc6 38. Bb5 Bxb5+ 39. Rxb5 Rxc3 40. Rxb6 Rxa3 1/2-1/2

[Event "Ayvalik Chestnut"]
[Site "Ayvalik"]
[Date "2023.09.21"]
[Round "6.2"]
[White "Rasulov, Vugar Ural Oglu"]
[Black "Baglan, Esat"]
[Result "1-0"]
[WhiteElo "2538"]
[BlackElo "2329"]
[PlyCount "55"]
[EventDate "2023.09.18"]
[EventType "schev"]
[EventRounds "9"]
[EventCountry "TUR"]
[SourceTitle "EXT 2024"]
[Source "ChessBase"]
[SourceDate "2023.10.10"]
[SourceVersion "1"]
[SourceVersionDate "2023.10.10"]
[SourceQuality "1"]
[WhiteTeam "Team B"]
[BlackTeam "Team A"]
[WhiteTeamCountry "TUR"]
[BlackTeamCountry "TUR"]

1. Nf3 Nf6 2. c4 g6 3. Nc3 Bg7 4. g3 0-0 5. Bg2 d6 6. d4 c5 7. d5 a6 8. a4 e6 9. 0-0 exd5 10. cxd5 Nbd7 11. h3 Re8 12. Nd2 Rb8 13. a5 b5 14. axb6 Nxb6 15. Qc2 Nfd7 16. Nde4 Nf6 17. Nd2 Nfd7 18. Rd1 Ne5 19. Nde4 Bf5 20. Rxa6 Nec4 21. g4 Bc8 22. Ra7 Nd7 23. Na4 Nf6 24. Nxf6+ Qxf6 25. Qxc4 Rb4 26. Qc2 h5 27. g5 Qe5 28. e4 1-0

[Event "Ayvalik Chestnut"]
[Site "Ayvalik"]
[Date "2023.09.18"]
[Round "1.2"]
[White "Shanava, Konstantine"]
[Black "Baglan, Esat"]
[Result "1/2-1/2"]
[WhiteElo "2474"]
[BlackElo "2329"]
[PlyCount "66"]
[EventDate "2023.09.18"]
[EventType "schev"]
[EventRounds "9"]
[EventCountry "TUR"]
[SourceTitle "EXT 2024"]
[Source "ChessBase"]
[SourceDate "2023.10.10"]
[SourceVersion "1"]
[SourceVersionDate "2023.10.10"]
[SourceQuality "1"]
[WhiteTeam "Team B"]
[BlackTeam "Team A"]
[WhiteTeamCountry "TUR"]
[BlackTeamCountry "TUR"]

1. c4 e6 2. Nc3 d5 3. e3 Nf6 4. Nf3 Be7 5. b3 0-0 6. Bb2 b6 7. cxd5 exd5 8. d4 Bb7 9. Bd3 Nbd7 10. 0-0 a6 11. Ne5 Bd6 12. f4 Ne4 13. Qc2 Ndf6 14. Rad1 Qe7 15. h3 Rac8 16. g4 Nxc3 17. Bxc3 Ne4 18. Bxe4 dxe4 19. d5 Rfd8 20. g5 Bxe5 21. Bxe5 Bxd5 22. Qb2 Qf8 23. h4 Bc6 24. h5 Rxd1 25. Rxd1 Rd8 26. Rc1 Qe8 27. h6 Qe6 28. Bxc7 Qg4+ 29. Qg2 Rd1+ 30. Rxd1 Qxd1+ 31. Kh2 Qh5+ 32. Kg1 Qd1+ 33. Kh2 Qh5+ 1/2-1/2

[Event "TUR-chT 1st League"]
[Site "Denizli"]
[Date "2023.07.09"]
[Round "1.51"]
[White "Baglan, Esat"]
[Black "Kuzubov, Yuriy"]
[Result "0-1"]
[WhiteElo "2325"]
[BlackElo "2628"]
[PlyCount "84"]
[EventDate "2023.07.09"]
[EventType "team-swiss"]
[EventRounds "9"]
[EventCountry "TUR"]
[SourceTitle "CBM 215 Extra"]
[Source "ChessBase"]
[SourceDate "2023.09.30"]
[SourceVersion "1"]
[SourceVersionDate "2023.09.30"]
[SourceQuality "1"]
[WhiteTeam "Olbia Satranc"]
[BlackTeam "Besiktas Jimnastik"]
[WhiteTeamCountry "TUR"]
[BlackTeamCountry "TUR"]

1. e4 d6 2. d4 Nf6 3. Nc3 e5 4. Nge2 c6 5. g3 b5 6. a3 Be7 7. Bg2 0-0 8. 0-0 a5 9. h3 Ba6 10. b4 Nbd7 11. g4 Nb6 12. Ng3 Bc8 13. Rb1 axb4 14. axb4 Nc4 15. Nf5 Bxf5 16. exf5 exd4 17. Qxd4 Nd7 18. Ne4 d5 19. Ng3 Re8 20. Nh5 Nf6 21. Nxg7 Kxg7 22. g5 Kg8 23. gxf6 Bxf6 24. Qc5 Qd6 25. Rb3 Qxc5 26. bxc5 Kf8 27. Bh6+ Ke7 28. Re1+ Kd7 29. Rxe8 Rxe8 30. Bf1 Bd4 31. Rg3 Ne5 32. Kg2 Bxc5 33. f4 Nc4 34. Bxc4 dxc4 35. Rg7 b4 36. Bg5 Rf8 37. Rxh7 Bd4 38. Bh6 Rg8+ 39. Kf3 Ke8 40. Bg5 b3 41. cxb3 cxb3 42. Rh6 Kd7 0-1

[Event "Cesme op-A 9th"]
[Site "Cesme"]
[Date "2023.06.23"]
[Round "7"]
[White "Baglan, Esat"]
[Black "Mosadeghpour, Masoud"]
[Result "0-1"]
[WhiteElo "2325"]
[BlackElo "2479"]
[PlyCount "64"]
[EventDate "2023.06.19"]
[EventType "swiss"]
[EventRounds "9"]
[EventCountry "TUR"]
[SourceTitle "CBM 214 Extra"]
[Source "ChessBase"]
[SourceDate "2023.07.31"]
[SourceVersion "1"]
[SourceVersionDate "2023.07.31"]
[SourceQuality "1"]

1. e4 e6 2. d4 d5 3. Nd2 Nc6 4. Ngf3 Nf6 5. e5 Nd7 6. c3 f6 7. exf6 Qxf6 8. Bd3 Bd6 9. Qc2 g6 10. 0-0 0-0 11. Re1 e5 12. Qb3 Qf7 13. Ne4 dxe4 14. Bc4 exf3 15. Bh6 Qxc4 16. Qxc4+ Rf7 17. Rad1 Nb6 18. Qb3 Bf5 19. dxe5 Nxe5 20. a4 Re8 21. a5 Nbd7 22. Qxb7 Bc2 23. Rxd6 cxd6 24. Qxa7 fxg2 25. Kxg2 Ba4 26. f4 Bc6+ 27. Kh3 g5 28. Qc7 Nf6 29. Qxd6 Rd7 30. Qc5 Rd3+ 31. Re3 g4+ 32. Kh4 Rxe3 0-1

[Event "Ayvalik Kadife"]
[Site "Ayvalik"]
[Date "2023.04.19"]
[Round "7.2"]
[White "Gokerkan, Cem Kaan"]
[Black "Baglan, Esat"]
[Result "1-0"]
[WhiteElo "2489"]
[BlackElo "2350"]
[PlyCount "95"]
[EventDate "2023.04.15"]
[EventType "schev"]
[EventRounds "9"]
[EventCountry "TUR"]
[SourceTitle "CBM 213 Extra"]
[Source "ChessBase"]
[SourceDate "2023.05.31"]
[SourceVersion "1"]
[SourceVersionDate "2023.05.31"]
[SourceQuality "1"]
[WhiteTeam "Team A"]
[BlackTeam "Team B"]
[WhiteTeamCountry "TUN"]
[BlackTeamCountry "TUR"]

1. Nf3 d5 2. g3 Nd7 3. d4 Nb6 4. Nc3 Nf6 5. Bg2 Bf5 6. Nh4 e6 7. Nxf5 exf5 8. Qd3 g6 9. 0-0 Bg7 10. Bg5 0-0 11. a4 a5 12. b3 h6 13. Bxf6 Qxf6 14. e3 c6 15. Ne2 Rfd8 16. Rfc1 Qe7 17. Ra2 Qb4 18. Qd1 Rac8 19. c3 Qe7 20. Qd3 Na8 21. c4 Nc7 22. Qd2 Na6 23. cxd5 Nb4 24. Raa1 c5 25. Rab1 cxd4 26. Nxd4 Qd7 27. Nb5 Be5 28. Rc4 Rb8 29. Rd1 Bd6 30. Qd4 b6 31. h4 h5 32. Bf3 Qe7 33. Kg2 Rd7 34. Qc3 Rbd8 35. Rc8 Qe5 36. Qc4 Kg7 37. Rxd8 Rxd8 38. Nd4 Bc5 39. Ne2 Rd7 40. Nf4 Rc7 41. Qb5 Qd6 42. Rd2 Re7 43. Qe2 Qe5 44. Qd1 Bd6 45. Ne2 Kh7 46. Nd4 Nxd5 47. Bxd5 Qxd5+ 48. Nf3 1-0

[Event "Titled Tuesday intern op 04th Apr Late"]
[Site "Chess.com INT"]
[Date "2023.04.04"]
[Round "1"]
[White "Baglan, Esat"]
[Black "Kirillov, Dmitry1111"]
[Result "1-0"]
[WhiteElo "2350"]
[BlackElo "2179"]
[PlyCount "115"]
[EventDate "2023.04.04"]
[EventType "swiss (blitz)"]
[EventRounds "11"]
[EventCountry "USA"]
[SourceTitle "EXT 2024"]
[Source "ChessBase"]
[SourceDate "2023.10.10"]
[SourceVersion "1"]
[SourceVersionDate "2023.10.10"]
[SourceQuality "1"]

1. Nf3 d5 2. g3 c6 3. Bg2 Nf6 4. 0-0 Bg4 5. c4 e6 6. d3 Nbd7 7. Qb3 Nc5 8. Qc2 Bf5 9. Nh4 Bg6 10. Nxg6 hxg6 11. b3 Be7 12. Nd2 Rc8 13. Bb2 Ng4 14. h3 Nf6 15. Rfd1 Qd6 16. e4 d4 17. b4 Ncd7 18. c5 Qe5 19. Nf3 Qh5 20. Bxd4 Rd8 21. Be3 e5 22. d4 exd4 23. Rxd4 0-0 24. Rad1 Ne5 25. Nxe5 Qxe5 26. f4 Qe6 27. Bf2 Rxd4 28. Rxd4 Rd8 29. Rxd8+ Bxd8 30. a3 Bc7 31. Qd3 Nh5 32. e5 g5 33. Qf3 g6 34. Qg4 gxf4 35. Qxe6 fxe6 36. g4 Ng3 37. b5 cxb5 38. Bxb7 Ne2+ 39. Kg2 Nc3 40. c6 a5 41. Kf3 b4 42. axb4 axb4 43. Bd4 Nb5 44. Bb2 g5 45. h4 gxh4 46. Kxf4 Nc3 47. g5 Kg7 48. Ba6 Kg6 49. Kg4 Bxe5 50. Bd3+ Kg7 51. Kxh4 Bc7 52. Kg4 e5 53. Kf5 Kf7 54. Bc4+ Kg7 55. Be6 Bd8 56. Kxe5 Bxg5 57. c7 Bf4+ 58. Kxf4 1-0

[Event "Titled Tuesday intern op 04th Apr Late"]
[Site "Chess.com INT"]
[Date "2023.04.04"]
[Round "5"]
[White "Baglan, Esat"]
[Black "Romero Pallares, Daniel"]
[Result "1-0"]
[WhiteElo "2350"]
[BlackElo "2275"]
[PlyCount "71"]
[EventDate "2023.04.04"]
[EventType "swiss (blitz)"]
[EventRounds "11"]
[EventCountry "USA"]
[SourceTitle "EXT 2024"]
[Source "ChessBase"]
[SourceDate "2023.10.10"]
[SourceVersion "1"]
[SourceVersionDate "2023.10.10"]
[SourceQuality "1"]

1. d4 c5 2. d5 e5 3. Nc3 d6 4. e4 a6 5. a4 Be7 6. Nf3 Bg4 7. Be2 Bxf3 8. Bxf3 Bg5 9. 0-0 Bxc1 10. Qxc1 Nf6 11. a5 Nbd7 12. Qd2 0-0 13. Na4 g6 14. Rfc1 Kg7 15. b4 Qc7 16. c4 Rfc8 17. h4 h5 18. g3 cxb4 19. Qxb4 Nc5 20. Nc3 Nd3 21. Qa3 Nxc1 22. Rxc1 Qxc4 23. Qxd6 Qd3 24. Qxe5 Qxf3 25. d6 Kg8 26. Rc2 Qd3 27. Qxf6 Qxc2 28. Nd5 Re8 29. d7 Qxe4 30. Qd6 Qe1+ 31. Kg2 Qe4+ 32. Kh2 Qe6 33. Nf6+ Kh8 34. Qd4 Kg7 35. Nxe8+ Kf8 36. Nc7 1-0

[Event "Titled Tuesday intern op 04th Apr Late"]
[Site "Chess.com INT"]
[Date "2023.04.04"]
[Round "4"]
[White "Romero Ruscalleda, Josep"]
[Black "Baglan, Esat"]
[Result "1-0"]
[WhiteElo "2179"]
[BlackElo "2350"]
[PlyCount "63"]
[EventDate "2023.04.04"]
[EventType "swiss (blitz)"]
[EventRounds "11"]
[EventCountry "USA"]
[SourceTitle "EXT 2024"]
[Source "ChessBase"]
[SourceDate "2023.10.10"]
[SourceVersion "1"]
[SourceVersionDate "2023.10.10"]
[SourceQuality "1"]

1. e4 c5 2. c3 e6 3. d4 d5 4. e5 Nc6 5. Be3 Qb6 6. Qd2 Nh6 7. Nf3 Nf5 8. dxc5 Bxc5 9. Bxc5 Qxc5 10. Bd3 Bd7 11. 0-0 h6 12. b4 Qb6 13. a4 a5 14. b5 Nce7 15. Na3 Ng6 16. Bxf5 exf5 17. Qxd5 Be6 18. Qd4 Qc7 19. b6 Qc6 20. Qd6 Rc8 21. Nb5 Bc4 22. Nc7+ Rxc7 23. bxc7 Qxd6 24. exd6 Kd7 25. Rfd1 Be2 26. Rd5 Bxf3 27. gxf3 Nh4 28. Rad1 b6 29. R1d3 Ng6 30. Rb5 Nf4 31. Rd2 Kc6 32. Rxf5 1-0

[Event "EU-ch 23rd"]
[Site "Vrnjacka Banja"]
[Date "2023.03.10"]
[Round "8"]
[White "Baglan, Esat"]
[Black "Valiyev, Shahin"]
[Result "1-0"]
[WhiteElo "2363"]
[BlackElo "2201"]
[PlyCount "65"]
[EventDate "2023.03.03"]
[EventType "swiss"]
[EventRounds "11"]
[EventCountry "SRB"]
[SourceTitle "CBM 213"]
[Source "ChessBase"]
[SourceDate "2023.04.30"]
[SourceVersion "1"]
[SourceVersionDate "2023.04.30"]
[SourceQuality "1"]

1. d4 d5 2. c4 e6 3. Nc3 Be7 4. Nf3 Nf6 5. cxd5 exd5 6. Bg5 c6 7. Qc2 g6 8. Bxf6 Bxf6 9. e3 Bf5 10. Bd3 Bxd3 11. Qxd3 0-0 12. h4 h5 13. 0-0-0 Na6 14. Kb1 Rc8 15. a3 b5 16. Ne2 Qd7 17. Nf4 Kg7 18. Rh3 Rg8 19. Rg3 Kf8 20. Ng5 Bxg5 21. Rxg5 Nc7 22. g4 hxg4 23. Rg1 Ne6 24. R5xg4 Nxf4 25. Rxf4 Qe6 26. Rg5 Re8 27. Qc3 Qd6 28. Ka2 Re6 29. h5 Rf6 30. Rxf6 Qxf6 31. f4 Qd6 32. f5 Qe7 33. Qxc6 1-0

[Event "EU-ch 23rd"]
[Site "Vrnjacka Banja"]
[Date "2023.03.06"]
[Round "4"]
[White "Baglan, Esat"]
[Black "Petkov, Momchil"]
[Result "1/2-1/2"]
[WhiteElo "2363"]
[BlackElo "2526"]
[PlyCount "105"]
[EventDate "2023.03.03"]
[EventType "swiss"]
[EventRounds "11"]
[EventCountry "SRB"]
[SourceTitle "CBM 213"]
[Source "ChessBase"]
[SourceDate "2023.04.30"]
[SourceVersion "1"]
[SourceVersionDate "2023.04.30"]
[SourceQuality "1"]

1. e4 c5 2. Nf3 Nc6 3. Bb5 e6 4. 0-0 Nge7 5. Re1 a6 6. Bf1 d5 7. exd5 Nxd5 8. d4 Nf6 9. Be3 cxd4 10. Nxd4 Ne5 11. h3 Be7 12. c4 0-0 13. Nc3 Bd7 14. Nf3 Ng6 15. Qb3 Qc7 16. Rad1 Rac8 17. Bb6 Qb8 18. Bd4 Bc6 19. Ne5 Nxe5 20. Bxe5 Qa7 21. Bd4 Bc5 22. Ne2 e5 23. Bxc5 Qxc5 24. Ng3 e4 25. Qe3 Qe5 26. Rd4 Rfd8 27. Red1 Re8 28. R1d2 h5 29. Be2 h4 30. Nf1 Nh7 31. Nh2 f5 32. f4 Qc5 33. Nf1 Nf8 34. Rd6 Qxe3+ 35. Nxe3 Ne6 36. Bh5 Red8 37. Rxd8+ Rxd8 38. Rxd8+ Nxd8 39. Nxf5 Ne6 40. Ne7+ Kh7 41. Bg4 Nxf4 42. Nxc6 bxc6 43. Bf5+ g6 44. Bxe4 c5 45. Kf2 Kg7 46. Kf3 g5 47. Ke3 Kf6 48. a3 a5 49. Bf3 Ke5 50. Be4 Ne6 51. Bd5 Nf4 52. Be4 Ne6 53. Bd5 1/2-1/2

[Event "Titled Tuesday intern op 01st Nov Late"]
[Site "Chess.com INT"]
[Date "2022.11.01"]
[Round "4"]
[White "Baglan, Esat"]
[Black "Bluebaum, Matthias"]
[Result "0-1"]
[WhiteElo "2363"]
[BlackElo "2651"]
[PlyCount "90"]
[EventDate "2022.11.01"]
[EventType "swiss (blitz)"]
[EventRounds "11"]
[EventCountry "USA"]
[SourceTitle "EXT 2024"]
[Source "ChessBase"]
[SourceDate "2023.10.10"]
[SourceVersion "1"]
[SourceVersionDate "2023.10.10"]
[SourceQuality "1"]

1. e4 e6 2. d4 d5 3. e5 c5 4. c3 Nc6 5. Nf3 Qb6 6. Be2 cxd4 7. cxd4 Nge7 8. Na3 Nf5 9. Nc2 Bd7 10. 0-0 Na5 11. b4 Nc4 12. a4 Rc8 13. b5 Be7 14. Bf4 a6 15. bxa6 Qxa6 16. Ne3 Nfxe3 17. fxe3 h6 18. Nd2 0-0 19. Bd3 Qa5 20. Qg4 f5 21. exf6 Rxf6 22. Nf3 Qc3 23. Bxc4 Rxc4 24. Ne5 Rc7 25. Ng6 Bd8 26. Bxc7 Qxc7 27. Ne5 Qd6 28. a5 Be8 29. Rac1 Rxf1+ 30. Rxf1 Kh7 31. Qe2 Bxa5 32. Qc2+ Kg8 33. Qc8 Qe7 34. Rf7 Qd8 35. Qxe6 Bxf7 36. Nxf7 Qb6 37. Nd6+ Kh7 38. Qf5+ Kh8 39. Qf8+ Kh7 40. Ne8 Qb1+ 41. Kf2 Qe1+ 42. Kf3 Qf1+ 43. Kg4 Qxf8 44. Nc7 Qc8+ 45. Kh4 Qxc7 0-1

[Event "Titled Tuesday intern op 25th Oct Late"]
[Site "Chess.com INT"]
[Date "2022.10.25"]
[Round "2"]
[White "Baglan, Esat"]
[Black "Djordjevic, Vuk D"]
[Result "1-0"]
[WhiteElo "2331"]
[BlackElo "2394"]
[PlyCount "78"]
[EventDate "2022.10.25"]
[EventType "swiss (blitz)"]
[EventRounds "11"]
[EventCountry "USA"]
[SourceTitle "EXT 2024"]
[Source "ChessBase"]
[SourceDate "2023.10.10"]
[SourceVersion "1"]
[SourceVersionDate "2023.10.10"]
[SourceQuality "1"]

1. e4 d5 2. exd5 Qxd5 3. Nc3 Qd6 4. Nf3 Nf6 5. d4 c6 6. g3 Bg4 7. Bg2 e6 8. h3 Bxf3 9. Bxf3 Qc7 10. 0-0 Bd6 11. Qe2 0-0 12. Bg5 Nbd7 13. Rad1 Rfe8 14. Rfe1 h6 15. Bc1 Rad8 16. Ne4 Nxe4 17. Qxe4 e5 18. dxe5 Bxe5 19. Qh4 Nf6 20. Rxd8 Qxd8 21. Rd1 Qb6 22. c3 Rd8 23. Rxd8+ Qxd8 24. Kg2 Qd3 25. Qa4 Qb1 26. Bf4 Bxf4 27. Qxf4 Qxb2 28. Qb8+ Kh7 29. Bxc6 Qxa2 30. Qxb7 Qc4 31. Bb5 Qe6 32. Bd3+ Kh8 33. c4 Qd7 34. Qa8+ Ne8 35. Be4 Kg8 36. Bc6 Qd6 37. Qxe8+ Kh7 38. Be4+ g6 39. Qxf7+ Kh8 1-0

[Event "Titled Tuesday intern op 25th Oct Late"]
[Site "Chess.com INT"]
[Date "2022.10.25"]
[Round "6"]
[White "Sanchez, Roberto Daniel"]
[Black "Baglan, Esat"]
[Result "1/2-1/2"]
[WhiteElo "1971"]
[BlackElo "2331"]
[PlyCount "61"]
[EventDate "2022.10.25"]
[EventType "swiss (blitz)"]
[EventRounds "11"]
[EventCountry "USA"]
[SourceTitle "EXT 2024"]
[Source "ChessBase"]
[SourceDate "2023.10.10"]
[SourceVersion "1"]
[SourceVersionDate "2023.10.10"]
[SourceQuality "1"]

1. e4 c5 2. Nf3 d6 3. d4 cxd4 4. Nxd4 Nf6 5. Nc3 Nc6 6. f3 g6 7. Be3 Bg7 8. Bc4 0-0 9. Qd2 Bd7 10. 0-0-0 Rc8 11. Bb3 Nxd4 12. Bxd4 b5 13. h4 a5 14. h5 a4 15. Bxf6 exf6 16. Bd5 b4 17. Ne2 f5 18. hxg6 hxg6 19. Kb1 Qf6 20. Nd4 a3 21. g3 Rc5 22. Qh2 Rfc8 23. Qh7+ Kf8 24. g4 Rxc2 25. g5 Rxb2+ 26. Ka1 Qxd4 27. Rxd4 Rbc2 28. Kb1 Rb2+ 29. Ka1 Rbc2 30. Kb1 Rb2+ 31. Ka1 1/2-1/2

[Event "EU-Cup 37th"]
[Site "Mayrhofen"]
[Date "2022.10.05"]
[Round "3.2"]
[White "Baglan, Esat"]
[Black "Seo, Jung Min"]
[Result "1/2-1/2"]
[WhiteElo "2331"]
[BlackElo "2520"]
[PlyCount "92"]
[EventDate "2022.10.03"]
[EventType "team-swiss"]
[EventRounds "7"]
[EventCountry "AUT"]
[SourceTitle "CBM 210 Extra"]
[Source "ChessBase"]
[SourceDate "2022.11.30"]
[SourceVersion "1"]
[SourceVersionDate "2022.11.30"]
[SourceQuality "1"]
[WhiteTeam "Denizsu Aquamatch"]
[BlackTeam "Umea Rockaden"]
[WhiteTeamCountry "TUR"]
[BlackTeamCountry "SWE"]

1. e4 e6 2. d4 d5 3. e5 c5 4. c3 Qb6 5. Nf3 Nc6 6. Be2 cxd4 7. cxd4 Nge7 8. Na3 Nf5 9. Nc2 Nb4 10. Ne3 Nxe3 11. Bxe3 Bd7 12. a3 Na6 13. 0-0 Be7 14. Ne1 0-0 15. Nd3 Rfc8 16. Qd2 Ba4 17. Rac1 Bb5 18. f4 Rxc1 19. Rxc1 Qd8 20. Bd1 Rc8 21. Rxc8 Qxc8 22. Bc2 Nb8 23. a4 Bd7 24. Nc5 Be8 25. Qc3 b6 26. Ne4 Qd8 27. Ng5 h6 28. Nf3 Nc6 29. f5 exf5 30. Bxf5 Bd7 31. e6 fxe6 32. Bxe6+ Bxe6 33. Qxc6 Bf5 34. Bf4 Be4 35. Ne5 Bf6 36. Qe6+ Kh7 37. Nc6 Qf8 38. Bd6 Qa8 39. Qd7 a5 40. Be7 Bxe7 41. Nxe7 Qf8 42. Qe6 Bd3 43. h3 Qf1+ 44. Kh2 Qf4+ 45. Kh1 Qf1+ 46. Kh2 Qf4+ 1/2-1/2

[Event "TUR-chT 1st League"]
[Site "Konya"]
[Date "2022.08.23"]
[Round "2.6"]
[White "Deveci, Huseyin Said"]
[Black "Baglan, Esat"]
[Result "0-1"]
[WhiteElo "2180"]
[BlackElo "2333"]
[PlyCount "30"]
[EventDate "2022.08.22"]
[EventType "team-swiss"]
[EventRounds "9"]
[EventCountry "TUR"]
[SourceTitle "CBM 209 Extra"]
[Source "ChessBase"]
[SourceDate "2022.09.30"]
[SourceVersion "1"]
[SourceVersionDate "2022.09.30"]
[SourceQuality "1"]
[WhiteTeam "Mavisehir Altyapi"]
[BlackTeam "Pamukkale Universiteli"]
[WhiteTeamCountry "TUR"]
[BlackTeamCountry "TUR"]

1. c4 Nf6 2. g3 e6 3. Bg2 d5 4. cxd5 exd5 5. d4 Bd6 6. Bg5 c6 7. Nc3 Nbd7 8. e3 h6 9. Bxf6 Nxf6 10. Nge2 0-0 11. 0-0 Bf5 12. a3 a5 13. Nc1 Re8 14. Nd3 h5 15. h4 Ng4 0-1

[Event "Titled Tuesday intern op 11th Jan"]
[Site "Chess.com INT"]
[Date "2022.01.11"]
[Round "5"]
[White "Baglan, Esat"]
[Black "Aulin Jansson, Joran"]
[Result "1-0"]
[WhiteElo "2333"]
[BlackElo "2214"]
[PlyCount "57"]
[EventDate "2022.01.11"]
[EventType "swiss (blitz)"]
[EventRounds "11"]
[EventCountry "USA"]
[SourceTitle "CBM 206 Extra"]
[Source "ChessBase"]
[SourceDate "2022.03.31"]
[SourceVersion "1"]
[SourceVersionDate "2022.03.31"]
[SourceQuality "1"]

1. e4 c5 2. Nc3 a6 3. g3 b5 4. Bg2 Bb7 5. d3 e6 6. f4 Nf6 7. Nh3 d5 8. f5 b4 9. fxe6 bxc3 10. exf7+ Kxf7 11. e5 Qe7 12. Qe2 Nfd7 13. e6+ Ke8 14. bxc3 Nf6 15. Rb1 Nc6 16. 0-0 Qc7 17. Ng5 Be7 18. Bf4 Qc8 19. Nf7 Rf8 20. Nd6+ Bxd6 21. Bxd6 Ne7 22. g4 Qc6 23. g5 Nfg8 24. Rxf8+ Kxf8 25. Qf3+ Ke8 26. Qf7+ Kd8 27. Bxe7+ Nxe7 28. Rxb7 Qc8 29. Qxe7# 1-0

[Event "Titled Tuesday intern op 04th Jan"]
[Site "Chess.com INT"]
[Date "2022.01.04"]
[Round "4"]
[White "Arabidze, Meri"]
[Black "Baglan, Esat"]
[Result "1-0"]
[WhiteElo "2432"]
[BlackElo "2333"]
[PlyCount "47"]
[EventDate "2022.01.04"]
[EventType "swiss (blitz)"]
[EventRounds "11"]
[EventCountry "USA"]
[SourceTitle "EXT 2023"]
[Source "ChessBase"]
[SourceDate "2022.10.05"]
[SourceVersion "1"]
[SourceVersionDate "2022.10.05"]
[SourceQuality "1"]

1. d4 Nf6 2. Nf3 g6 3. g3 Bg7 4. Bg2 0-0 5. 0-0 c5 6. d5 b5 7. a4 b4 8. c4 d6 9. Ra2 Nbd7 10. b3 a5 11. Re1 Ne4 12. Bb2 Ndf6 13. Nfd2 Nxd2 14. Nxd2 Bb7 15. e4 Qc7 16. e5 Nd7 17. e6 fxe6 18. Bxg7 Kxg7 19. Rxe6 Rf7 20. Qa1+ Kg8 21. Nf3 Raf8 22. Ng5 Rg7 23. Rae2 Bc8 24. Rxe7 1-0

[Event "Titled Tuesday intern op 04th Jan"]
[Site "Chess.com INT"]
[Date "2022.01.04"]
[Round "3"]
[White "Baglan, Esat"]
[Black "Meshcheriakova, Evgenia"]
[Result "1-0"]
[WhiteElo "2333"]
[BlackElo "2259"]
[PlyCount "77"]
[EventDate "2022.01.04"]
[EventType "swiss (blitz)"]
[EventRounds "11"]
[EventCountry "USA"]
[SourceTitle "EXT 2023"]
[Source "ChessBase"]
[SourceDate "2022.10.05"]
[SourceVersion "1"]
[SourceVersionDate "2022.10.05"]
[SourceQuality "1"]

1. Nf3 Nf6 2. c4 e6 3. g3 b6 4. Bg2 Bb7 5. 0-0 Be7 6. Nc3 0-0 7. d4 d6 8. Qc2 Nbd7 9. e4 e5 10. d5 a5 11. Rd1 Nc5 12. b3 Qd7 13. a3 a4 14. b4 Nb3 15. Rb1 Ba6 16. Bf1 Rfb8 17. Nb5 c6 18. dxc6 Qxc6 19. Rxb3 axb3 20. Qxb3 Nxe4 21. Be3 Nxg3 22. hxg3 Qxf3 23. Bg2 Qe2 24. Bf1 Qg4 25. Nc7 Ra7 26. Nxa6 Rxa6 27. c5 Rxa3 28. Qxa3 Qxd1 29. Qa7 Rf8 30. Qxe7 bxc5 31. bxc5 dxc5 32. Bxc5 Ra8 33. Kg2 h6 34. Bc4 Qh5 35. Bd5 Ra1 36. Qe8+ Kh7 37. Be4+ g6 38. Qxf7+ Kh8 39. Qf6+ 1-0

[Event "Titled Tuesday intern op 04th Jan"]
[Site "Chess.com INT"]
[Date "2022.01.04"]
[Round "2"]
[White "Bon, Michael"]
[Black "Baglan, Esat"]
[Result "0-1"]
[WhiteElo "2408"]
[BlackElo "2333"]
[PlyCount "70"]
[EventDate "2022.01.04"]
[EventType "swiss (blitz)"]
[EventRounds "11"]
[EventCountry "USA"]
[SourceTitle "EXT 2023"]
[Source "ChessBase"]
[SourceDate "2022.10.05"]
[SourceVersion "1"]
[SourceVersionDate "2022.10.05"]
[SourceQuality "1"]

1. e4 e6 2. d4 d5 3. Be3 dxe4 4. Nd2 Nf6 5. f3 c5 6. dxc5 Nbd7 7. Nb3 Qc7 8. Bb5 a6 9. Ba4 Be7 10. Qd4 0-0 11. 0-0-0 Nd5 12. Bxd7 Bxd7 13. fxe4 Bf6 14. Qd3 Bb5 15. Qd2 Nxe3 16. Qxe3 Qe5 17. Qd4 Bg5+ 18. Kb1 Rad8 19. Nf3 Rxd4 20. Nxe5 Rxe4 21. Nf3 Bf6 22. Nbd4 Be8 23. c3 g6 24. Nd2 Rg4 25. Nc4 e5 26. h3 Rxg2 27. Nf3 e4 28. Nd4 Bxd4 29. cxd4 Bb5 30. Nd6 Bd3+ 31. Ka1 f5 32. Nxb7 f4 33. d5 f3 34. d6 f2 35. d7 e3 0-1